| 000 | 00805nam a22002417a 4500 | ||
|---|---|---|---|
| 999 |
_c18700 _d18700 |
||
| 003 | AR-CdUCM | ||
| 008 | 190515b ||||| |||| 00| 0 spa d | ||
| 040 |
_aMUNICIPALIDAD PROVINCIAL DEL CUSCO _cBIBLIOTECA MUNICIPAL DEL CUSCO |
||
| 041 | _hpor | ||
| 082 |
_a868.94018 / _bC81 |
||
| 245 | _aConcretismo / | ||
| 260 |
_aLima : _bCentro de Estudios Brasileños, _c1978. |
||
| 300 |
_a80 páginas ; _c21 cm. |
||
| 505 | _aContenido: Poseías. | ||
| 650 |
_aPoesía brasileña _92038 |
||
| 650 |
_aLiteratura Brasileña _92733 |
||
| 650 |
_aSiglo XX _98 |
||
| 700 |
_aSousa Rodrígues, José de (presentación) _939438 |
||
| 700 |
_aCevallos, Leonidas (asistencia técnica) _939439 |
||
| 710 |
_aCentro de Estudios Brasileños (traducción) _939440 |
||
| 942 |
_2ddc _cLIBROS |
||
| 945 |
_aachl _d2019-05-15 |
||